Química industrial / (Record no. 89170)

MARC details
000 -LEADER
campo de control de longitud fija 00565nam a2200181 i 4500
001 - NÚMERO DE CONTROL
campo de control 89170
003 - IDENTIFICADOR DE NÚMERO DE CONTROL
campo de control ES-MaACL
005 - FECHA Y HORA DE LA ÚLTIMA TRANSACCIÓN
campo de control 20230906180107.0
007 - CAMPO FIJO DE DESCRIPCIÓN FÍSICA--INFORMACIÓN GENERAL
campo de control de longitud fija t|
008 - DATOS DE LONGITUD FIJA--INFORMACIÓN GENERAL
campo de control de longitud fija 050105s1930 sp ||||1| spa d
100 1# - ENTRADA PRINCIPAL--NOMBRE DE PERSONA
Nombre de persona Lange, Otto.
9 (RLIN) 70027
245 10 - MENCIÓN DEL TÍTULO
Título Química industrial /
Mención de responsabilidad, etc. por Otto Lange ; versión de José María Delorme y Juan Mercadal.
260 ## - PUBLICACIÓN, DISTRIBUCIÓN, ETC.
Lugar de publicación, distribución, etc. Barcelona :
Nombre del editor, distribuidor, etc. [s.n.,
Fecha de publicación, distribución, etc. 1930] (
Fabricante Imp. Clarassó)
300 ## - DESCRIPCIÓN FÍSICA
Extensión XII, 904 p. ;
Dimensiones 24 cm.
700 1# - ENTRADA AGREGADA--NOMBRE PERSONAL
Nombre de persona Delorme, José María.
9 (RLIN) 43571
700 1# - ENTRADA AGREGADA--NOMBRE PERSONAL
Nombre de persona Mercadal, Juan.
9 (RLIN) 80411
852 ## - LOCALIZACIÓN
Ubicación ES-MaACL
Número de control de estantería A-5165
Sublocalización o colección R.18162
Holdings
Estatus retirado Estado de pérdida Estado de daño No para préstamo Biblioteca de origen Biblioteca actual Ubicación en estantería Fecha de adquisición Fuente de adquisición Total de préstamos Signatura topográfica completa Código de barras Visto por última vez Precio de reemplazo Tipo de ítem Koha
        Biblioteca del Ateneo de Madrid Biblioteca del Ateneo de Madrid Sala Pecera Planta 1 17/01/2008     A-5165 1093129 23/02/2023 23/02/2023 Libro impreso